| Tag |
First Indicator |
Second Indicator |
Subfields |
| LEADER |
00000cam a2200000 a 4500 |
| 001 |
in00000020055 |
| 005 |
20220103134630.0 |
| 007 |
cr unu a |
| 008 |
880708s1986 xx a b 00010 eng d |
| 035 |
|
|
|9 AAB2887AM
|
| 035 |
|
|
|a (OCoLC)18188719
|
| 040 |
|
|
|a TXA
|c TXA
|d UtOrBLW
|
| 043 |
|
|
|a t------
|
| 049 |
|
|
|a TXAZ [Also in] [Archives]
|c 1 [A09508492], 2 [A09508507]
|
| 099 |
|
|
|a 1986
|a Thesis
|a J58
|
| 100 |
1 |
|
|a Jessen, Paul Frederik,
|d 1956-
|
| 245 |
1 |
0 |
|a Experimental techniques for measurement of available potential energy as applied to the Drake Passage region /
|c by Paul Frederik Jessen.
|
| 264 |
|
1 |
|a [Place of publication not identified] :
|b [publisher not identified] ;
|c 1986.
|
| 300 |
|
|
|a xi, 90 leaves :
|b illustrations ;
|c 29 cm.
|
| 336 |
|
|
|a text
|b txt
|2 rdacontent
|
| 337 |
|
|
|a computer
|b c
|2 rdamedia
|
| 338 |
|
|
|a online resource
|b cr
|2 rdacarrier
|
| 500 |
|
|
|a "Major subject: Oceanography."
|
| 500 |
|
|
|a Typescript (photocopy).
|
| 500 |
|
|
|a Vita.
|
| 502 |
|
|
|b M.S.
|c Texas A&M University
|d 1986.
|
| 504 |
|
|
|a Bibliography: leaves 88-89.
|
| 530 |
|
|
|a Also available online.
|
| 650 |
|
0 |
|a Energy budget (Geophysics)
|z Antarctic Ocean.
|
| 650 |
|
0 |
|a Ocean-atmosphere interaction
|x Measurement.
|
| 650 |
|
4 |
|a Major oceanography.
|
| 651 |
|
0 |
|a Drake Passage.
|
| 856 |
4 |
1 |
|u https://hdl.handle.net/1969.1/ETD-TAMU-1986-THESIS-J58
|z Link to OAKTrust copy
|t 0
|
| 999 |
|
|
|a MARS
|
| 999 |
f |
f |
|s b5cc4db8-a9a3-3f18-ab2a-0de3c6cb9fbd
|i 69adf785-98e0-3a5a-a972-9fcde47e10b5
|t 0
|
| 952 |
f |
f |
|p noncirc
|a Texas A&M University
|b J.J. Pickle Campus
|c High Density Repository
|s HDR
|d Remote Storage
|t 0
|e 1986 Thesis J58
|h Other scheme
|i computer -- online resource
|m A14839616885
|
| 952 |
f |
f |
|a Texas A&M University
|b College Station
|c Electronic Resources
|s www_evans
|d Available Online
|t 0
|e 1986 Thesis J58
|h Other scheme
|
| 998 |
f |
f |
|a 1986 Thesis J58
|t 0
|l Available Online
|
| 998 |
f |
f |
|a 1986 Thesis J58
|t 0
|l Remote Storage
|